000 00470nam a2200133Ia 4500
008 231129s9999||||xx |||||||||||||| ||spa||
020 _a978-958-758-591-9
040 _bspa
082 _a332.024 K62pa
100 _aKiyosaki Robert T.
245 0 _aPadre rico padre pobre: Qué les enseñan los ricos a sus hijos acerca del dinero ¡que los pobres y la clase media no!
264 _aBogotá Colombia : Aguilar
942 _2ddc
_cBKS
999 _c22291
_d22291